00706nai a2200181Ia 4500003000900000008004100009022002200050022002300072040001600095245005200111260008600163310001400249362002600263521006900289650003000358650004600388856009000434IN-BaIIA211028c9999 xx s 000 0 eng d a1536-125X (Print) a1941-0085 (Online) cIIA Library 0aIEEE Transactions on Nanotechnologyh[eJournal] aNew York, USAbThe Institute of Electrical and Electronics Engineers, Inc. (IEEE) aBimonthly a1(1); 2002 - Present  bSubscribed through National Knowledge Resource Consortium (NKRC) a Computing and Processing aComponents, Circuits, Devices and Systems uhttps://ieeexplore.ieee.org/servlet/opac?punumber=7729yClick Here to Access eJournal